| 000 | 00876cam a22002411i 4500 | ||
|---|---|---|---|
| 003 | SA-RiAUC | ||
| 005 | 20250303090820.0 | ||
| 008 | 250201s1990 sy g f00000 ara c | ||
| 040 |
_aSA-RiAUC _bara _cSA-RiAUC _erda |
||
| 043 | _aa-sy--- | ||
| 082 | 0 | 4 |
_a915.653104 _qSA-RiAUC |
| 090 |
_a915.653104 _bش هـ ا |
||
| 100 | 1 |
_aالشهابي، قتيبة، _d1934-2008 _eمؤلف. |
|
| 245 | 1 | 0 |
_aأسواق دمشق القديمة ومشيداتها التاريخية / _cقتيبة الشهابي. |
| 264 | 1 |
_aدمشق : _bوزارة الثقافة، _c1990 |
|
| 300 |
_a534 صفحة ؛ _c24 سم |
||
| 336 |
_aنص _btxt _2rdacontent _3كتاب |
||
| 337 |
_aبدون وسيط _bn _2rdamedia |
||
| 338 |
_aمجلد _bnc _2rdacarrier |
||
| 651 | 7 |
_aدمشق (سوريا) _xوصف ورحلات _2aucsh |
|
| 942 |
_2ddc _cBOOK _n0 |
||
| 949 |
_aSA-JeALM _d250201 _umohamedma123 _n1 |
||
| 999 |
_c6242 _d6242 |
||